LEADER 01074nam2-22003491i-450- 001 990000874210403321 005 20001010 010 $a0-387-97913-1 035 $a000087421 035 $aFED01000087421 035 $a(Aleph)000087421FED01 035 $a000087421 100 $a20001010d--------km-y0itay50------ba 101 0 $aita 105 $ay-------001yy 200 1 $a1 : Mathematical Theory and Applications.XV, 442 p. 205 ill. 69 in color 210 $aNew York$cSpringer-Verlag$d1993 215 $av. 24 cm 225 1 $aInterdisciplinary Applied Mathematics$v3-4 461 0$1001000085871$12001$aFundamentals of Two-Fluid Dynamics 610 0 $aFundamentals of Two 676 $a620.1 700 1$aJoseph,$bDaniel D.$015382 702 1$aFluid Dynamics ; Renardy,$bYuriko Y. 801 0$aIT$bUNINA$gRICA$2UNIMARC 901 $aBK 912 $a990000874210403321 952 $a000087421000001$fFINBN 959 $aFINBN 996 $a1 : Mathematical Theory and Applications.XV, 442 p. 205 ill. 69 in color$9355956 997 $aUNINA DB $aING01 LEADER 01508nam2-2200409---450- 001 990006181110203316 005 20161129105144.0 010 $a978-88-96260-07-4 035 $a000618111 035 $aUSA01000618111 035 $a(ALEPH)000618111USA01 035 $a000618111 100 $a20030211d2010----km-y0itay0103----ba 101 $aIT 102 $aita 105 $ay|||z|||001yy 200 1 $a<<3.2:>> <> aspetti interforze, la guerra maritima e i problemi della marina$fFerruccio Botti 210 $aRoma$cSME, Ufficio storico$d2010 215 $a908 p.$d25 cm 461 1$10010043554$12001$a<> pensiero militare e navale italiano dalla rivoluzione francese alla prima guerra mondiale 462 1$1001000618112$aDalla rivoluzione franco-prussiana alla prima guerra mondiale (1870-1915) 676 $a355.00945 700 1$aBOTTI,$bFerruccio$0152221 801 0$aIT$bsalbc$cISBD$gISBD 912 $a990006181110203316 951 $aIG XVII S 92 3.2$b84230 G.$cIG XVII$d392521 959 $aBK 969 $aGIU 979 $aFIORELLA$b90$c20161129$lUSA01$h1043 979 $aFIORELLA$b90$c20161129$lUSA01$h1044 979 $aFIORELLA$b90$c20161129$lUSA01$h1048 979 $aFIORELLA$b90$c20161129$lUSA01$h1049 979 $aFIORELLA$b90$c20161129$lUSA01$h1050 979 $aFIORELLA$b90$c20161129$lUSA01$h1051 979 $aFIORELLA$b90$c20161129$lUSA01$h1051 996 $aAspetti interforze, la guerra maritima e i problemi della marina$91394642 997 $aUNISA